000 00378nam a2200133 i 4500
001 bg
245 0 _aObróbka cieplna metali.
_nT. 6,
_pKontrola, automatyzacja i robotyzacja procesów obróbki cieplnej /
_cW. Augustyniak
260 _aWarszawa,
_c1987.
700 1 _aAUGUSTYNIAK, W.
040 _cBPK
041 _apol
942 _cKS
008 s pl f |000 0 pol
999 _c5444
_d5444
856 _uhttp://koha.tu.koszalin.pl/cgi-bin/koha/opac-detail.pl?biblionumber=5444
_yKatalog online BPK